000 00706nam a2200253Ia 4500
003 OSt
005 20220925222223.0
006 a|||||r|||| 00| 0
007 ta
008 220923b |||||||| |||| 00| 0 eng d
020 _a019874076X
037 _cGeneral Book
040 _aRTL
_cRTL
_beng
041 _2eng
_aeng
082 _aU2, L7
100 _aStatham Ian
_9278271
245 0 _aEarth surface sediment transport
260 _aLondon
_bOxford University Press UK
_c1977
300 _aviii,184p. Bib p. 177-82
_ccm.
490 _aContemporary problems in geography
650 _aPhysical Geography
942 _hU2, L7
_cGB
_2CC
999 _c576415
_d576415